Minería y petróleo : (Registro nro. 30861)

Detalles MARC
000 -LEADER
fixed length control field 00824nam a22002297a 4500
003 - CONTROL NUMBER IDENTIFIER
control field OSt
005 - DATE AND TIME OF LATEST TRANSACTION
control field 20241021120700.0
008 - FIXED-LENGTH DATA ELEMENTS--GENERAL INFORMATION
fixed length control field 241021b |||d|||| |||| 00| 0 eng d
020 ## - INTERNATIONAL STANDARD BOOK NUMBER
International Standard Book Number 9789589831113
037 ## - SOURCE OF ACQUISITION
Source of stock number/acquisition Donación
040 ## - CATALOGING SOURCE
Original cataloging agency CO-JMCR
Language of cataloging spa
Transcribing agency CO-JMCR
Modifying agency CO-JMCR
Description conventions rda
041 0# - LANGUAGE CODE
Language code of text/sound track or separate title spa
082 04 - DEWEY DECIMAL CLASSIFICATION NUMBER
Classification number 338.2
Item number B423m
Edition number 23
100 1# - MAIN ENTRY--PERSONAL NAME
Personal name Bejarano Barrera, Edgar.
245 10 - TITLE STATEMENT
Title Minería y petróleo :
Remainder of title del daño al riesgo y del riesgo a una oportunidad estratégica de cambio /
Statement of responsibility, etc. Edgar Bejarano Barrera.
250 ## - EDITION STATEMENT
Edition statement Edición general Bernardo Toro Arango.
260 ## - PUBLICATION, DISTRIBUTION, ETC.
Place of publication, distribution, etc. Bogotá D.C. :
Name of publisher, distributor, etc. Fundación AVINA,
Date of publication, distribution, etc. 2015.
300 ## - PHYSICAL DESCRIPTION
Extent 180 páginas :
Other physical details Gráficas ;
Dimensions 23 cm.
504 ## - BIBLIOGRAPHY, ETC. NOTE
Bibliography, etc. note Incluye referencias bibliográficas (páginas 165-172)
700 1# - ADDED ENTRY--PERSONAL NAME
Personal name Toro Arango, José Bernardo,
Relator term editor.
9 (RLIN) 43887
942 ## - ADDED ENTRY ELEMENTS (KOHA)
Source of classification or shelving scheme Dewey Decimal Classification
Koha item type Books
Existencias
Withdrawn status Lost status Source of classification or shelving scheme Damaged status Not for loan Collection code Home library Current library Shelving location Date acquired Source of acquisition Total Checkouts Full call number Barcode Date last seen Copy number Price effective from Koha item type
    Dewey Decimal Classification     Non-fiction Biblioteca Pública José María del Castillo y Rada Biblioteca Pública José María del Castillo y Rada Book Cart 04/15/2018 Donación   338.2 B423m 201812448 10/21/2024 Ej.2 10/21/2024 Books